000 00697nam a2200253Ia 4500
001 21140
003 DO-CoUTE
005 20260204212601.0
008 220104s9999 dr 000 0 spa d
020 _a978-84-200-1147-9
040 _aDO-CoUTE
_bspa
_cDO-CoUTE
041 0 _aspa
082 _a641.3 J3c
100 1 _aJeanet, Romain
245 1 0 _aCiencia de los alimentos: Bioquimica,Microbiologia,Procesos,Productos / Romain Jeanet
260 _aEspaña :Acribia, S,A
300 _a475 páginas
700 1 _aGroguennec, Thomas
700 1 _aShuca, Pierre
700 1 _aBrule, Gerard
942 _2ddc
_cBK
999 _c20849
_d20849